<?xml version="1.0" encoding="UTF-8"?><?xml-stylesheet type="text/xsl" href="static/style.xsl"?><OAI-PMH xmlns="http://www.openarchives.org/OAI/2.0/" xmlns:xsi="http://www.w3.org/2001/XMLSchema-instance" xsi:schemaLocation="http://www.openarchives.org/OAI/2.0/ http://www.openarchives.org/OAI/2.0/OAI-PMH.xsd"><responseDate>2026-06-06T02:46:45Z</responseDate><request verb="GetRecord" identifier="oai:riuma.uma.es:10630/45387" metadataPrefix="marc">https://riuma.uma.es/rest/oai/request</request><GetRecord><record><header><identifier>oai:riuma.uma.es:10630/45387</identifier><datestamp>2026-02-20T10:51:08Z</datestamp><setSpec>com_10630_2254</setSpec><setSpec>col_10630_37959</setSpec></header><metadata><record xmlns="http://www.loc.gov/MARC21/slim" xmlns:dcterms="http://purl.org/dc/terms/" xmlns:doc="http://www.lyncode.com/xoai" xmlns:xsi="http://www.w3.org/2001/XMLSchema-instance" xsi:schemaLocation="http://www.loc.gov/MARC21/slim http://www.loc.gov/standards/marcxml/schema/MARC21slim.xsd">
   <leader>00925njm 22002777a 4500</leader>
   <datafield ind2=" " ind1=" " tag="042">
      <subfield code="a">dc</subfield>
   </datafield>
   <datafield ind2=" " ind1=" " tag="720">
      <subfield code="a">Cobos-Mateo, Pablo</subfield>
      <subfield code="e">author</subfield>
   </datafield>
   <datafield ind2=" " ind1=" " tag="720">
      <subfield code="a">Íñiguez Moreno, Concepción</subfield>
      <subfield code="e">author</subfield>
   </datafield>
   <datafield ind2=" " ind1=" " tag="720">
      <subfield code="a">Steiner, Niko</subfield>
      <subfield code="e">author</subfield>
   </datafield>
   <datafield ind2=" " ind1=" " tag="720">
      <subfield code="a">Bartsch, Inka</subfield>
      <subfield code="e">author</subfield>
   </datafield>
   <datafield ind2=" " ind1=" " tag="720">
      <subfield code="a">López-Gordillo, Francisco Javier</subfield>
      <subfield code="e">author</subfield>
   </datafield>
   <datafield ind2=" " ind1=" " tag="260">
      <subfield code="c">2025-08-22</subfield>
   </datafield>
   <datafield ind2=" " ind1=" " tag="520">
      <subfield code="a">Warmer winters in Arctic fjords have led to an ice-free spring, in which sunlight penetrates the water column about two months earlier than it used to. To elucidate the effects of a warmer Polar Night; growth, photosynthetic performance, Rubisco quantity and activation state, respiration and biochemical composition were studied in the Arctic kelps Alaria esculenta and Saccharina latissima. Laboratory-grown sporophytes were transferred to complete darkness at 1 ºC and 5 ºC for 8 weeks, followed by 2 weeks of increasing light exposure. During darkness, photosynthetic pigments and Rubisco quantity only decreased in A. esculenta, with no temperature effect. However, Rubisco activation state remained unchanged in both species during this period and photosynthetic reactivation occurred within the first hour of light exposure. Higher temperature accelerated biomass loss in complete darkness in S. latissima, and reduced growth rates during the 2 weeks of increasing light exposure in both species, mainly due to higher respiration rates. This study highlights that a warming Arctic would affect carbon budget, having a negative impact on growth recovery after the Polar Night, potentially compromising the survival of marine kelp forests.</subfield>
   </datafield>
   <datafield ind1="8" ind2=" " tag="024">
      <subfield code="a">https://hdl.handle.net/10630/45387</subfield>
   </datafield>
   <datafield tag="653" ind2=" " ind1=" ">
      <subfield code="a">Algas marinas - Regiones árticas</subfield>
   </datafield>
   <datafield tag="653" ind2=" " ind1=" ">
      <subfield code="a">Carbono</subfield>
   </datafield>
   <datafield tag="653" ind2=" " ind1=" ">
      <subfield code="a">Fotosíntesis</subfield>
   </datafield>
   <datafield tag="653" ind2=" " ind1=" ">
      <subfield code="a">Fotobiología</subfield>
   </datafield>
   <datafield ind2="0" ind1="0" tag="245">
      <subfield code="a">Temperature effects on growth and photosynthesis reactivation after the Polar Night in two Arctic kelp species.</subfield>
   </datafield>
</record>
</metadata></record></GetRecord></OAI-PMH>